Cruzeiro na selva (Registo nº 14332)

Detalhes MARC
000 -Etiqueta do registo
Valores 00524nam a22001691i 4500
090 ## -
-- 14332
100 ## - Dados gerais de processamento
Dados gerais 20170304u u u0frey50 ba
101 0# - Língua de publicação
-- por
200 1# - Titulo e menção de responsabilidade
Primeira menção de responsabilidade F. Capdevila
Título próprio Cruzeiro na selva
215 ## - Descrição física 
Paginação / Volumes [50] p.
Outras indicações físicas muito il.
Dimensões 24 cm
210 ## - Publicação
Nome do editor Círculo de Leitores
Local de publicação Lisboa
Data de publicação imp. 1981
225 2# - Colecção 
Título próprio da colecção Disneylândia
410 #0 -
-- Disneylândia
700 #1 - Autor principal (pessoa individual)
Apelido Capdevila
Nome F.
-- 070
996 ## - ISO2709
-- 0016924
-- CAP Inf
-- 00000000
-- 00000000
-- BMVAAL
-- 3
-- Viana do Alentejo
-- Literatura Infantil
-- 35
-- Livro
-- 0
-- 1
990 ## - Elementos KOHA
Tipo de documento Livro
Exemplares
Situação do levantamento Estado Biblioteca de origem Biblioteca de empréstimo Código de barras Cota Permissão de empréstimo Tipo de documento
  Completo Biblioteca Municipal de Viana Do Alentejo Biblioteca Municipal de Viana Do Alentejo Pólo Alcáçovas 0020384 8 CAP Disponível Livro




Powered by Koha